[Event "19. Obert Int. Sant Marti 2017 - B"]
[Site "Barcelona ESP"]
[Date "2017.07.17"]
[Round "5.30"]
[White "Costa Trave, Jaume"]
[Black "Ramon Herraez, Alex"]
[Result "0-1"]
[WhiteElo "1922"]
[BlackElo "1694"]
[PlyCount "149"]
[EventDate "2017.07.13"]
[EventType "swiss"]
[EventRounds "9"]
[EventCountry "ESP"]
[SourceTitle "Ajedrez en Madrid"]
[Source "lmi"]
[SourceDate "2017.07.13"]
[SourceVersion "1"]
[SourceVersionDate "2019.06.21"]
[SourceQuality "1"]

1. d4 d5 2. Nc3 Nf6 3. Bf4 Bf5 4. f3 e6 5. e3 Nc6 6. a3 Bd6 7. Bg5 Be7 8. Bd3
Bxd3 9. cxd3 O-O 10. Nge2 Nb8 11. O-O Nbd7 12. e4 dxe4 13. dxe4 c5 14. dxc5
Nxc5 15. b4 Nd3 16. Be3 Ne5 17. Qb3 Qd3 18. Bf2 Qc4 19. Qxc4 Nxc4 20. Rfd1 a6
21. Na4 a5 22. Nc5 axb4 23. axb4 Rxa1 24. Rxa1 b6 25. Ra7 bxc5 26. Rxe7 cxb4
27. Rb7 Rd8 28. Bh4 Ne5 29. Nf4 Nc6 30. Rb6 Rc8 31. Bxf6 gxf6 32. Nh5 f5 33.
Ng3 f4 34. Nh5 Ne5 35. Nxf4 Rc4 36. Nh5 Rc8 37. h3 Nd3 38. Kf1 Kf8 39. g4 Rc3
40. f4 b3 41. Ke2 Nc5 42. h4 Na4 43. Rb4 Rc2+ 44. Kd1 Nc3+ 45. Ke1 b2 46. Nf6
b1=Q+ 47. Rxb1 Nxb1 48. Nxh7+ Kg7 49. Ng5 Rg2 50. h5 Rxg4 51. h6+ Kxh6 52.
Nxf7+ Kg7 53. Ne5 Rxf4 54. Nd3 Rxe4+ 55. Kd1 Kf6 56. Kc2 Na3+ 57. Kd2 Kf5 58.
Nf2 Rd4+ 59. Nd3 Rd8 60. Kc3 Ke4 61. Nc5+ Kd5 62. Na4 Rc8+ 63. Kb3 Nc4 64. Nc3+
Kd4 65. Nb5+ Kd3 66. Kb4 Rb8 67. Kc5 Ne5 68. Nd6 Nc4 69. Nb5 Na5 70. Kb4 Nc4
71. Kc5 Na5 72. Kb4 Nb3 73. Ka4 Kc4 74. Na3+ Kc5 75. Nc2 0-1

[Event "19. Obert Int. Sant Marti 2017 - B"]
[Site "Barcelona ESP"]
[Date "2017.07.17"]
[Round "5.31"]
[White "Cano Sevilla, Ivan"]
[Black "Garcia Punzano, Josep Lluis"]
[Result "1-0"]
[WhiteElo "1904"]
[BlackElo "1683"]
[PlyCount "125"]
[EventDate "2017.07.13"]
[EventType "swiss"]
[EventRounds "9"]
[EventCountry "ESP"]
[SourceTitle "Ajedrez en Madrid"]
[Source "lmi"]
[SourceDate "2017.07.13"]
[SourceVersion "1"]
[SourceVersionDate "2019.06.21"]
[SourceQuality "1"]

1. d4 c5 2. e3 Nf6 3. c3 cxd4 4. exd4 g6 5. Bf4 d6 6. h3 Bg7 7. Nf3 Qb6 8. Qb3
Qxb3 9. axb3 O-O 10. Nbd2 Nh5 11. Bh2 e5 12. dxe5 dxe5 13. Nc4 Nc6 14. Be2 Nf4
15. Bxf4 exf4 16. O-O Re8 17. Rfe1 Be6 18. Nd6 Re7 19. Bc4 Rd8 20. Bxe6 fxe6
21. Ne4 b6 22. b4 h6 23. Kf1 Kf7 24. Ke2 Red7 25. Red1 Rxd1 26. Rxd1 Rxd1 27.
Kxd1 a5 28. b5 Na7 29. Nd6+ Kf8 30. Nc4 Nxb5 31. Nxb6 Nd6 32. Nd2 Ke7 33. Nb3
Nb7 34. Ke2 Kd8 35. Kf3 g5 36. h4 Kc7 37. Nc4 a4 38. Nbd2 Nc5 39. hxg5 hxg5 40.
Ne4 Nxe4 41. Kxe4 Kc6 42. f3 Kc5 43. Kd3 Bf6 44. Nd2 Be7 45. Ne4+ Kb5 46. Kd4
Bd8 47. Nd6+ Kc6 48. Ne4 Bb6+ 49. Kc4 Bd8 50. Kb4 Kd5 51. Nd2 Bb6 52. Kxa4 Be3
53. Ne4 Bc1 54. b3 Bb2 55. Kb4 g4 56. Nf6+ Ke5 57. Nxg4+ Kf5 58. c4 Bd4 59. c5
e5 60. Kc4 Bg1 61. Kd5 Bd4 62. c6 Bb6 63. Nxe5 1-0

[Event "19. Obert Int. Sant Marti 2017 - B"]
[Site "Barcelona ESP"]
[Date "2017.07.17"]
[Round "5.32"]
[White "Grasa Solanas, Oscar"]
[Black "Fabregas Fontanet, Antonio"]
[Result "1/2-1/2"]
[WhiteElo "1676"]
[BlackElo "1903"]
[PlyCount "83"]
[EventDate "2017.07.13"]
[EventType "swiss"]
[EventRounds "9"]
[EventCountry "ESP"]
[SourceTitle "Ajedrez en Madrid"]
[Source "lmi"]
[SourceDate "2017.07.13"]
[SourceVersion "1"]
[SourceVersionDate "2019.06.21"]
[SourceQuality "1"]

1. c4 g6 2. Nf3 Bg7 3. g3 e5 4. d3 Nc6 5. Bg2 Nge7 6. O-O d6 7. Nc3 O-O 8. a3
a5 9. Rb1 h6 10. Bd2 f5 11. b4 axb4 12. axb4 Bd7 13. b5 Nd4 14. Nxd4 exd4 15.
Nd5 c6 16. Nb6 Rb8 17. Nxd7 Qxd7 18. Qc2 c5 19. Ra1 Kh7 20. Ra3 Ng8 21. Rfa1
Rfe8 22. Bc1 Nf6 23. R1a2 h5 24. Bg5 Ng4 25. Qb1 Bf6 26. Bxf6 Nxf6 27. Qa1 h4
28. Ra8 Rxa8 29. Rxa8 Rxe2 30. Bxb7 hxg3 31. hxg3 Qxb7 32. Ra7 Re1+ 33. Qxe1
Qxa7 34. Qe6 Ng4 35. Qxd6 Qa1+ 36. Kg2 Qe1 37. Qc7+ Kg8 38. Qd8+ Kf7 39. Qc7+
Kf6 40. Qd8+ Kf7 41. Qc7+ Kf6 42. Qd8+ 1/2-1/2

[Event "19. Obert Int. Sant Marti 2017 - B"]
[Site "Barcelona ESP"]
[Date "2017.07.17"]
[Round "5.33"]
[White "Muhammad, Qasim"]
[Black "Tortosa Moros, Joan"]
[Result "1-0"]
[WhiteElo "1899"]
[BlackElo "1672"]
[PlyCount "59"]
[EventDate "2017.07.13"]
[EventType "swiss"]
[EventRounds "9"]
[EventCountry "ESP"]
[SourceTitle "Ajedrez en Madrid"]
[Source "lmi"]
[SourceDate "2017.07.13"]
[SourceVersion "1"]
[SourceVersionDate "2019.06.21"]
[SourceQuality "1"]

1. e4 c5 2. Nf3 Nc6 3. d4 cxd4 4. Nxd4 g6 5. c4 Bg7 6. Nc2 d6 7. Be2 f5 8. Nc3
fxe4 9. Nxe4 Bf5 10. Ng3 Bxc2 11. Qxc2 Nf6 12. Be3 Qa5+ 13. Kf1 O-O 14. h4 h5
15. Qxg6 Qe5 16. Nf5 Ng4 17. Bxg4 hxg4 18. Nh6+ Kh8 19. Nxg4 Qxb2 20. Rb1 Qxa2
21. Rh3 Qxc4+ 22. Kg1 Qf7 23. Qd3 Qh5 24. Rg3 b6 25. Rb5 Qf7 26. Rg5 Ne5 27.
Nxe5 Bxe5 28. Bd4 Bf6 29. Qf5 Bg7 30. Rh5+ 1-0

[Event "19. Obert Int. Sant Marti 2017 - B"]
[Site "Barcelona ESP"]
[Date "2017.07.17"]
[Round "5.34"]
[White "Martin Arranz, Lluis"]
[Black "Viera Falcon, Cristo"]
[Result "0-1"]
[WhiteElo "1669"]
[BlackElo "1889"]
[PlyCount "60"]
[EventDate "2017.07.13"]
[EventType "swiss"]
[EventRounds "9"]
[EventCountry "ESP"]
[SourceTitle "Ajedrez en Madrid"]
[Source "lmi"]
[SourceDate "2017.07.13"]
[SourceVersion "1"]
[SourceVersionDate "2019.06.21"]
[SourceQuality "1"]

1. e4 d5 2. exd5 Nf6 3. d4 Nxd5 4. c4 Nb6 5. Nf3 g6 6. Be2 Bg7 7. O-O O-O 8.
Nc3 Bg4 9. Qb3 Nc6 10. c5 Bxf3 11. cxb6 Nxd4 12. Qc4 Bxe2 13. Nxe2 cxb6 14. Ng3
Qc8 15. Qa4 b5 16. Qd1 Nc2 17. Rb1 e5 18. Bd2 Nd4 19. Rc1 Qe6 20. b3 Rfd8 21.
Ne4 Qd5 22. Re1 f5 23. Rc5 Qd7 24. Nc3 b6 25. Rd5 Qc6 26. Rxd8+ Rxd8 27. Bg5
Rd7 28. Bd2 e4 29. Qc1 b4 30. Na4 Ne2+ 0-1

[Event "19. Obert Int. Sant Marti 2017 - B"]
[Site "Barcelona ESP"]
[Date "2017.07.17"]
[Round "5.35"]
[White "Elizondo Marquet, Juan Marcos"]
[Black "Mas Sayos, Lluis"]
[Result "1-0"]
[WhiteElo "1887"]
[BlackElo "1668"]
[PlyCount "79"]
[EventDate "2017.07.13"]
[EventType "swiss"]
[EventRounds "9"]
[EventCountry "ESP"]
[SourceTitle "Ajedrez en Madrid"]
[Source "lmi"]
[SourceDate "2017.07.13"]
[SourceVersion "1"]
[SourceVersionDate "2019.06.21"]
[SourceQuality "1"]

1. e4 e5 2. Nf3 Nc6 3. d4 d6 4. dxe5 dxe5 5. Qxd8+ Kxd8 6. Bc4 f6 7. Nc3 Bb4 8.
Be3 Nge7 9. O-O-O+ Ke8 10. Nb5 Ba5 11. Nd2 a6 12. Nc3 Bxc3 13. bxc3 b5 14. Be2
Na5 15. Bc5 Be6 16. Nb3 Nc4 17. f3 Kf7 18. Bf2 Nd6 19. Nc5 Bc8 20. g3 Re8 21.
h4 Nc6 22. g4 b4 23. cxb4 Nxb4 24. Kb2 Rb8 25. Nb3 a5 26. c3 a4 27. cxb4 axb3
28. Kxb3 Be6+ 29. Kc3 Ra8 30. a4 Rxa4 31. Bc5 Ra3+ 32. Kd2 Ra2+ 33. Ke3 Ra3+
34. Kf2 Ke7 35. Rd2 Rea8 36. Rhd1 Ra2 37. b5 Rxd2 38. Rxd2 Ra1 39. b6 cxb6 40.
Bxd6+ 1-0

[Event "19. Obert Int. Sant Marti 2017 - B"]
[Site "Barcelona ESP"]
[Date "2017.07.17"]
[Round "5.36"]
[White "Gonzalez Canovas, Sebastia"]
[Black "Husson, Cybele"]
[Result "0-1"]
[WhiteElo "1657"]
[BlackElo "1870"]
[PlyCount "62"]
[EventDate "2017.07.13"]
[EventType "swiss"]
[EventRounds "9"]
[EventCountry "ESP"]
[SourceTitle "Ajedrez en Madrid"]
[Source "lmi"]
[SourceDate "2017.07.13"]
[SourceVersion "1"]
[SourceVersionDate "2019.06.21"]
[SourceQuality "1"]

1. c4 g6 2. Nc3 Bg7 3. Nf3 d6 4. g3 Nd7 5. Bg2 e5 6. d3 Ne7 7. O-O h6 8. Rb1
O-O 9. Bd2 Nc5 10. b4 Ne6 11. e3 f5 12. Ne2 g5 13. h3 Qe8 14. Nh2 Ng6 15. f4 c6
16. Qc1 Bd7 17. Rf2 Kh7 18. Qc2 exf4 19. gxf4 Nh4 20. Nf3 Nxg2 21. Kxg2 Rf6 22.
e4 Nxf4+ 23. Bxf4 gxf4 24. Rh1 Qg6+ 25. Kf1 fxe4 26. dxe4 Re8 27. Nc3 Kh8 28.
Rg2 Qh5 29. Kf2 Rg6 30. Rxg6 Qxg6 31. Nh4 Qg3+ 0-1

[Event "19. Obert Int. Sant Marti 2017 - B"]
[Site "Barcelona ESP"]
[Date "2017.07.17"]
[Round "5.37"]
[White "Sanchez Paz, Josep"]
[Black "Ramos Alvarez, Maximo"]
[Result "0-1"]
[WhiteElo "1657"]
[BlackElo "1865"]
[PlyCount "80"]
[EventDate "2017.07.13"]
[EventType "swiss"]
[EventRounds "9"]
[EventCountry "ESP"]
[SourceTitle "Ajedrez en Madrid"]
[Source "lmi"]
[SourceDate "2017.07.13"]
[SourceVersion "1"]
[SourceVersionDate "2019.06.21"]
[SourceQuality "1"]

1. e4 c5 2. Nf3 g6 3. d4 cxd4 4. Nxd4 Nc6 5. Bc4 Bg7 6. c3 d6 7. Be3 Nf6 8. Nd2
O-O 9. O-O Ng4 10. Nxc6 bxc6 11. Bf4 Rb8 12. Qc2 e5 13. Bg3 h5 14. h3 h4 15.
Bxh4 Qxh4 16. Nf3 Qh5 17. hxg4 Bxg4 18. Nh2 Be6 19. Be2 Qg5 20. Nf3 Qf4 21. b3
d5 22. exd5 cxd5 23. Qd2 Qxd2 24. Nxd2 e4 25. Rac1 Bh6 26. Rc2 e3 27. fxe3
Bxe3+ 28. Kh2 Bf5 29. Rb2 Kg7 30. Rf3 Bc5 31. Bd3 Rh8+ 32. Kg3 Be6 33. c4 Rh5
34. cxd5 Rg5+ 35. Kf4 Rg4+ 36. Ke5 Bd4+ 37. Kd6 Rb6+ 38. Kc7 Be5+ 39. Kd8 Bxd5
40. Rc2 Bxf3 0-1

[Event "19. Obert Int. Sant Marti 2017 - B"]
[Site "Barcelona ESP"]
[Date "2017.07.17"]
[Round "5.38"]
[White "Corominas Garrido, Jordi"]
[Black "Sagar, Siya"]
[Result "1-0"]
[WhiteElo "1864"]
[BlackElo "1608"]
[PlyCount "89"]
[EventDate "2017.07.13"]
[EventType "swiss"]
[EventRounds "9"]
[EventCountry "ESP"]
[SourceTitle "Ajedrez en Madrid"]
[Source "lmi"]
[SourceDate "2017.07.13"]
[SourceVersion "1"]
[SourceVersionDate "2019.06.21"]
[SourceQuality "1"]

1. c4 Nf6 2. g3 g6 3. Bg2 Bg7 4. Nc3 d6 5. d4 O-O 6. Nf3 Nc6 7. O-O e5 8. dxe5
Nxe5 9. Nxe5 dxe5 10. Qxd8 Rxd8 11. Be3 c6 12. Rad1 Rxd1 13. Rxd1 Be6 14. b3 a6
15. Na4 Nd7 16. Nb6 Nxb6 17. Bxb6 Bf5 18. e4 Bg4 19. f3 Be6 20. h4 Kf8 21. Kh2
Ke8 22. Bh3 Bxh3 23. Kxh3 Bf6 24. f4 exf4 25. gxf4 Bd8 26. Rxd8+ Rxd8 27. Bxd8
Kxd8 28. Kg4 h6 29. c5 a5 30. f5 Ke7 31. e5 Kd7 32. e6+ fxe6 33. fxg6 Ke7 34.
h5 Kf6 35. Kf4 e5+ 36. Ke4 Ke6 37. g7 Kf7 38. Kxe5 Kxg7 39. Ke6 Kh7 40. Kf6 Kg8
41. Kg6 Kh8 42. Kxh6 Kg8 43. Kg6 Kh8 44. Kf6 Kh7 45. Ke7 1-0

[Event "19. Obert Int. Sant Marti 2017 - B"]
[Site "Barcelona ESP"]
[Date "2017.07.17"]
[Round "5.39"]
[White "Jimenez Molina, Victor"]
[Black "Moreno Perez, Norberto"]
[Result "0-1"]
[WhiteElo "1646"]
[BlackElo "1851"]
[PlyCount "46"]
[EventDate "2017.07.13"]
[EventType "swiss"]
[EventRounds "9"]
[EventCountry "ESP"]
[SourceTitle "Ajedrez en Madrid"]
[Source "lmi"]
[SourceDate "2017.07.13"]
[SourceVersion "1"]
[SourceVersionDate "2019.06.21"]
[SourceQuality "1"]

1. e4 e5 2. Nf3 Nc6 3. Bb5 d6 4. O-O Be7 5. Bxc6+ bxc6 6. d4 exd4 7. Nxd4 Bb7
8. Nf5 Bf6 9. Nc3 h5 10. Qf3 Ne7 11. Bg5 Bxg5 12. Nxg7+ Kd7 13. e5 Qg8 14. Nxh5
Qh7 15. g4 Rag8 16. Ne4 Kc8 17. Rfe1 d5 18. Nef6 Bxf6 19. exf6 Qxh5 20. fxe7
Rxg4+ 21. Kf1 Ba6+ 22. Re2 Bxe2+ 23. Kxe2 Re4+ 0-1

[Event "19. Obert Int. Sant Marti 2017 - B"]
[Site "Barcelona ESP"]
[Date "2017.07.17"]
[Round "5.40"]
[White "Martinez Torras, Pol"]
[Black "Bouzas Arcos, Juan Manuel"]
[Result "0-1"]
[WhiteElo "1631"]
[BlackElo "1771"]
[PlyCount "58"]
[EventDate "2017.07.13"]
[EventType "swiss"]
[EventRounds "9"]
[EventCountry "ESP"]
[SourceTitle "Ajedrez en Madrid"]
[Source "lmi"]
[SourceDate "2017.07.13"]
[SourceVersion "1"]
[SourceVersionDate "2019.06.21"]
[SourceQuality "1"]

1. d4 e6 2. c4 f5 3. g3 d5 4. Bg2 Nf6 5. Nh3 c6 6. O-O Bd6 7. Bf4 O-O 8. Qc2
Na6 9. a3 Nc7 10. Nd2 Ne4 11. Rfd1 Ne8 12. f3 Nxd2 13. Rxd2 Bxf4 14. Nxf4 Nd6
15. b3 Qf6 16. e4 fxe4 17. fxe4 e5 18. dxe5 Qxe5 19. Re1 dxe4 20. c5 Nf5 21.
Bxe4 Qf6 22. g4 Qg5 23. Qc4+ Kh8 24. Bxf5 Bxf5 25. Rf1 Rae8 26. Re2 Rxe2 27.
Nxe2 Qe3+ 28. Kg2 Be4+ 29. Qxe4 Qxe4+ 0-1

[Event "19. Obert Int. Sant Marti 2017 - B"]
[Site "Barcelona ESP"]
[Date "2017.07.17"]
[Round "5.41"]
[White "Franzoni Ladron De Guevara, Enric"]
[Black "Bes Alvarez, Alex"]
[Result "1-0"]
[WhiteElo "1764"]
[BlackElo "1620"]
[PlyCount "47"]
[EventDate "2017.07.13"]
[EventType "swiss"]
[EventRounds "9"]
[EventCountry "ESP"]
[SourceTitle "Ajedrez en Madrid"]
[Source "lmi"]
[SourceDate "2017.07.13"]
[SourceVersion "1"]
[SourceVersionDate "2019.06.21"]
[SourceQuality "1"]

1. e4 c5 2. Nf3 d6 3. d4 cxd4 4. Nxd4 Nf6 5. Nc3 g6 6. Be3 Bg7 7. Bc4 O-O 8. f3
Nc6 9. Qd2 Bd7 10. h4 h5 11. Nxc6 Bxc6 12. Bh6 Rb8 13. Bxg7 Kxg7 14. O-O-O b5
15. Bb3 a5 16. Qd4 a4 17. Bd5 Bd7 18. e5 dxe5 19. Qxe5 Qe8 20. Rhe1 e6 21. Ne4
Qe7 22. g4 exd5 23. Qxe7 dxe4 24. g5 1-0

[Event "19. Obert Int. Sant Marti 2017 - B"]
[Site "Barcelona ESP"]
[Date "2017.07.17"]
[Round "5.42"]
[White "Roche Peris, Eduard"]
[Black "Alcala Gonzalez, Cesar"]
[Result "1-0"]
[WhiteElo "1758"]
[BlackElo "1557"]
[PlyCount "101"]
[EventDate "2017.07.13"]
[EventType "swiss"]
[EventRounds "9"]
[EventCountry "ESP"]
[SourceTitle "Ajedrez en Madrid"]
[Source "lmi"]
[SourceDate "2017.07.13"]
[SourceVersion "1"]
[SourceVersionDate "2019.06.21"]
[SourceQuality "1"]

1. e4 c5 2. b4 cxb4 3. a3 e6 4. axb4 Bxb4 5. c3 Be7 6. d4 d6 7. Nf3 Nf6 8. Bd3
O-O 9. O-O Bd7 10. Ba3 Nc6 11. Nbd2 e5 12. d5 Nb8 13. Nc4 Bg4 14. Qb3 Qc7 15.
Nfxe5 Bd7 16. Rab1 b6 17. f4 Re8 18. Nf3 b5 19. Ne3 Qb6 20. Nd4 a6 21. Kh1 Bc8
22. Qc2 Nbd7 23. Nef5 g6 24. Nxe7+ Rxe7 25. Nc6 Re8 26. Bxd6 Bb7 27. Ne7+ Kg7
28. Ba3 Nc5 29. Qf2 Ncd7 30. c4 Qxf2 31. Rxf2 Reb8 32. c5 Bc8 33. Nxc8 Rxc8 34.
c6 Nb6 35. Rc2 Re8 36. Bb2 h5 37. d6 Red8 38. Bxf6+ Kxf6 39. e5+ Ke6 40. Be4
Rac8 41. c7 Rg8 42. Bb7 Rcf8 43. Bxa6 Nc8 44. Rxb5 f6 45. Rb8 Rh8 46. Bb5 fxe5
47. d7 Rxf4 48. dxc8=Q+ Rxc8 49. Rxc8 Rb4 50. Bf1 Rb1 51. Kg1 1-0

[Event "19. Obert Int. Sant Marti 2017 - B"]
[Site "Barcelona ESP"]
[Date "2017.07.17"]
[Round "5.43"]
[White "Minko, Olga"]
[Black "Volart Buil, Jordi"]
[Result "1-0"]
[WhiteElo "1563"]
[BlackElo "1754"]
[PlyCount "71"]
[EventDate "2017.07.13"]
[EventType "swiss"]
[EventRounds "9"]
[EventCountry "ESP"]
[SourceTitle "Ajedrez en Madrid"]
[Source "lmi"]
[SourceDate "2017.07.13"]
[SourceVersion "1"]
[SourceVersionDate "2019.06.21"]
[SourceQuality "1"]

1. e4 e5 2. Nf3 Qe7 3. Nc3 c6 4. Qe2 d6 5. h3 Nf6 6. d4 Nbd7 7. g4 Nb6 8. Bg5
Qc7 9. O-O-O Be7 10. Qd2 Bd7 11. Bxf6 gxf6 12. d5 cxd5 13. Nxd5 Nxd5 14. Qxd5
Rc8 15. Rd2 a6 16. Kb1 Be6 17. Qd3 Bf8 18. g5 Bc4 19. Qe3 Be6 20. gxf6 Rg8 21.
a3 Rg6 22. Qd3 Rxf6 23. Ng5 Bc4 24. Qg3 Rg6 25. Qh4 Be7 26. Bxc4 Qxc4 27. Qxh7
Bxg5 28. Rdd1 Kd7 29. h4 Bf6 30. h5 Rh8 31. hxg6 Rxh7 32. Rxh7 Qxe4 33. Rxf7+
Ke6 34. Rg1 Qd4 35. Rxf6+ Kxf6 36. g7 1-0

[Event "19. Obert Int. Sant Marti 2017 - B"]
[Site "Barcelona ESP"]
[Date "2017.07.17"]
[Round "5.44"]
[White "Mercader Rubio, Luis"]
[Black "Prokudin, Igor"]
[Result "1-0"]
[WhiteElo "1747"]
[BlackElo "1371"]
[PlyCount "61"]
[EventDate "2017.07.13"]
[EventType "swiss"]
[EventRounds "9"]
[EventCountry "ESP"]
[SourceTitle "Ajedrez en Madrid"]
[Source "lmi"]
[SourceDate "2017.07.13"]
[SourceVersion "1"]
[SourceVersionDate "2019.06.21"]
[SourceQuality "1"]

1. e4 c5 2. Nf3 Nc6 3. d4 cxd4 4. Nxd4 g6 5. Nxc6 bxc6 6. Qd4 Nf6 7. e5 Nd5 8.
Bc4 e6 9. O-O Bg7 10. Nd2 O-O 11. Ne4 Qb6 12. Be3 Qxd4 13. Bxd4 Nb6 14. Bb3 Ba6
15. Rfe1 Rfd8 16. Rad1 Nd5 17. g3 h6 18. h4 Nc7 19. f4 Nd5 20. Kf2 Nc7 21. Kf3
Nd5 22. Bc5 Bc8 23. Rd2 a5 24. Ba4 Ba6 25. Red1 Bf8 26. Rd4 Bxc5 27. Nxc5 Bb5
28. c4 Bxa4 29. Nxa4 Nc7 30. Nb6 Rab8 31. Nxd7 1-0

[Event "19. Obert Int. Sant Marti 2017 - B"]
[Site "Barcelona ESP"]
[Date "2017.07.17"]
[Round "5.45"]
[White "Llombart Baiges, Jaime"]
[Black "Minos Constante, Pablo"]
[Result "0-1"]
[WhiteElo "1622"]
[BlackElo "1742"]
[PlyCount "50"]
[EventDate "2017.07.13"]
[EventType "swiss"]
[EventRounds "9"]
[EventCountry "ESP"]
[SourceTitle "Ajedrez en Madrid"]
[Source "lmi"]
[SourceDate "2017.07.13"]
[SourceVersion "1"]
[SourceVersionDate "2019.06.21"]
[SourceQuality "1"]

1. e4 c5 2. Nf3 Nc6 3. Bc4 e6 4. Nc3 Nge7 5. O-O d5 6. exd5 Nxd5 7. Bxd5 exd5
8. Re1+ Be7 9. Ne5 Nxe5 10. Rxe5 Be6 11. Qe1 d4 12. Nd1 O-O 13. d3 Bd6 14. Re2
Qc7 15. h3 Qd7 16. f4 Rfe8 17. Nf2 b6 18. Ne4 Bc7 19. Qf2 Bd5 20. Bd2 f5 21.
Ng5 Rxe2 22. Qxe2 Re8 23. Qf2 Re7 24. Nf3 Qe8 25. b3 Re2 0-1

[Event "19. Obert Int. Sant Marti 2017 - B"]
[Site "Barcelona ESP"]
[Date "2017.07.17"]
[Round "5.46"]
[White "Mahi, Amit Doshi"]
[Black "Gonzalez Moreno, Antoni"]
[Result "1/2-1/2"]
[WhiteElo "1268"]
[BlackElo "1734"]
[PlyCount "99"]
[EventDate "2017.07.13"]
[EventType "swiss"]
[EventRounds "9"]
[EventCountry "ESP"]
[SourceTitle "Ajedrez en Madrid"]
[Source "lmi"]
[SourceDate "2017.07.13"]
[SourceVersion "1"]
[SourceVersionDate "2019.06.21"]
[SourceQuality "1"]

1. d4 d5 2. c4 e6 3. Nc3 Nf6 4. cxd5 exd5 5. Bg5 Be7 6. e3 c6 7. Bd3 Nbd7 8.
Qc2 O-O 9. Nf3 h6 10. Bh4 Nh5 11. Bxe7 Qxe7 12. O-O Nhf6 13. Rab1 Re8 14. b4 b6
15. a4 Bb7 16. b5 c5 17. dxc5 Nxc5 18. Bf5 Bc8 19. Rfd1 Nce4 20. Nxd5 Nxd5 21.
Bxe4 Nxe3 22. Bh7+ Kh8 23. fxe3 Qxe3+ 24. Kh1 Bb7 25. Re1 Qf4 26. Rf1 g6 27.
Bxg6 fxg6 28. Qc3+ Kg8 29. Qb3+ Qf7 30. Qxf7+ Kxf7 31. Ne5+ Kg8 32. Nc6 Bxc6
33. bxc6 Re6 34. Rbc1 Rc8 35. c7 Re7 36. Rc6 Kg7 37. Rfc1 Re4 38. Rd6 Kf7 39.
Rd8 Re8 40. Rf1+ Kg8 41. Rfd1 Kf7 42. R1d7+ Kf6 43. Rd6+ Kf7 44. R6d7+ Kf6 45.
Kg1 Rxc7 46. Rxc7 Rxd8 47. Rxa7 Rd1+ 48. Kf2 Ra1 49. Rb7 Rxa4 50. Rxb6+ 1/2-1/2

[Event "19. Obert Int. Sant Marti 2017 - B"]
[Site "Barcelona ESP"]
[Date "2017.07.17"]
[Round "5.47"]
[White "Salazar Navas, Josep"]
[Black "Minko, Aleksandr"]
[Result "1-0"]
[WhiteElo "1733"]
[BlackElo "1275"]
[PlyCount "57"]
[EventDate "2017.07.13"]
[EventType "swiss"]
[EventRounds "9"]
[EventCountry "ESP"]
[SourceTitle "Ajedrez en Madrid"]
[Source "lmi"]
[SourceDate "2017.07.13"]
[SourceVersion "1"]
[SourceVersionDate "2019.06.21"]
[SourceQuality "1"]

1. e4 c5 2. Nc3 g6 3. g3 Bg7 4. Bg2 Nc6 5. d3 d6 6. Be3 e5 7. Nge2 Nge7 8. Qd2
O-O 9. Bh6 f6 10. Bxg7 Kxg7 11. h4 h5 12. f4 Be6 13. Nd5 Bxd5 14. exd5 Nd4 15.
c3 Nxe2 16. Qxe2 Nf5 17. Qf2 Re8 18. O-O-O exf4 19. gxf4 Ne3 20. Rde1 Nxg2 21.
Qxg2 Rxe1+ 22. Rxe1 Qd7 23. Qe2 Kf7 24. f5 Re8 25. fxg6+ Kf8 26. g7+ Kf7 27.
Qxe8+ Qxe8 28. Rxe8 b6 29. g8=Q# 1-0

[Event "19. Obert Int. Sant Marti 2017 - B"]
[Site "Barcelona ESP"]
[Date "2017.07.17"]
[Round "5.48"]
[White "Valero Recalde, Pablo"]
[Black "Bois D`enghien, Noumea"]
[Result "1-0"]
[WhiteElo "1730"]
[BlackElo "1270"]
[PlyCount "67"]
[EventDate "2017.07.13"]
[EventType "swiss"]
[EventRounds "9"]
[EventCountry "ESP"]
[SourceTitle "Ajedrez en Madrid"]
[Source "lmi"]
[SourceDate "2017.07.13"]
[SourceVersion "1"]
[SourceVersionDate "2019.06.21"]
[SourceQuality "1"]

1. d4 d6 2. c4 Nf6 3. Nc3 g6 4. e4 Bg7 5. Be2 O-O 6. Bg5 b6 7. Qd2 Bb7 8. f3 c5
9. d5 Nbd7 10. h4 Qe8 11. Bd1 Ba6 12. Be2 Rb8 13. a4 Ne5 14. b3 Qd7 15. Nh3
Rfe8 16. Nf2 Nh5 17. Rh3 f6 18. Be3 f5 19. exf5 Qxf5 20. g4 Qf7 21. gxh5 Bc8
22. Rg3 Bf5 23. O-O-O e6 24. Nfe4 Rbd8 25. dxe6 Qxe6 26. Qd5 Qxd5 27. Nxd5 Bxe4
28. fxe4 Nc6 29. hxg6 Rxe4 30. gxh7+ Kh8 31. Bd3 Rxh4 32. Rdg1 Rd7 33. Bg5 Rh5
34. Bg6 1-0

[Event "19. Obert Int. Sant Marti 2017 - B"]
[Site "Barcelona ESP"]
[Date "2017.07.17"]
[Round "5.49"]
[White "Serentill Tost, Eduard"]
[Black "Lozano Ruiz, David"]
[Result "0-1"]
[WhiteElo "1639"]
[BlackElo "1844"]
[PlyCount "84"]
[EventDate "2017.07.13"]
[EventType "swiss"]
[EventRounds "9"]
[EventCountry "ESP"]
[SourceTitle "Ajedrez en Madrid"]
[Source "lmi"]
[SourceDate "2017.07.13"]
[SourceVersion "1"]
[SourceVersionDate "2019.06.21"]
[SourceQuality "1"]

1. e4 e6 2. d4 d5 3. Nc3 Nf6 4. Bg5 dxe4 5. Nxe4 Be7 6. Nxf6+ Bxf6 7. Bxf6 Qxf6
8. Nf3 O-O 9. Bd3 c5 10. O-O Nc6 11. c3 cxd4 12. cxd4 Rd8 13. Qc2 g6 14. Rad1
Nb4 15. Qc4 Nxd3 16. Rxd3 b6 17. Rfd1 Bb7 18. Qc3 Rac8 19. Qa3 Bxf3 20. Rxf3
Qxd4 21. Re1 Rc1 22. Rfe3 Qd2 23. Kf1 Rxe1+ 24. Rxe1 Qd3+ 25. Qxd3 Rxd3 26. Re2
Rd1+ 27. Re1 Rxe1+ 28. Kxe1 Kf8 29. Kd2 Ke7 30. Kd3 Kd6 31. Kd4 e5+ 32. Kc4 a6
33. a4 f5 34. f3 g5 35. g3 h5 36. h3 g4 37. hxg4 fxg4 38. fxg4 hxg4 39. b3 Kc6
40. b4 Kd6 41. b5 a5 42. Kd3 Kd5 0-1

[Event "19. Obert Int. Sant Marti 2017 - B"]
[Site "Barcelona ESP"]
[Date "2017.07.17"]
[Round "5.50"]
[White "Zubimendi Felip, Ricard"]
[Black "Molina Hernandez, Albert"]
[Result "0-1"]
[WhiteElo "1625"]
[BlackElo "1840"]
[PlyCount "103"]
[EventDate "2017.07.13"]
[EventType "swiss"]
[EventRounds "9"]
[EventCountry "ESP"]
[SourceTitle "Ajedrez en Madrid"]
[Source "lmi"]
[SourceDate "2017.07.13"]
[SourceVersion "1"]
[SourceVersionDate "2019.06.21"]
[SourceQuality "1"]

1. e4 c5 2. Nf3 Nc6 3. d4 cxd4 4. Nxd4 e5 5. Nf3 Nf6 6. Bg5 Be7 7. Nc3 O-O 8.
Bb5 d6 9. Bxf6 Bxf6 10. Nd5 Qa5+ 11. Nc3 Bg4 12. Bxc6 bxc6 13. Qxd6 Rfd8 14.
Qxc6 Rac8 15. Qa4 Qxa4 16. Nxa4 Rxc2 17. O-O Bxf3 18. gxf3 Bg5 19. Rad1 Rd4 20.
Rxd4 exd4 21. f4 Bxf4 22. Rd1 Be5 23. Kg2 Kf8 24. Rd3 Rc4 25. b3 Rc2 26. a3 Ke7
27. b4 Kd6 28. Nc5 Kc6 29. Nb3 Kb5 30. Nxd4+ Kc4 31. Nxc2 Kxd3 32. Ne3 Kxe4 33.
a4 g6 34. b5 Bc7 35. Ng4 Kd5 36. Nf6+ Kc5 37. Nxh7 Kb4 38. Ng5 Kxa4 39. h4 Kxb5
40. Ne4 Be5 41. Kf3 a5 42. Nd2 a4 43. Nb1 Bb2 44. Kg4 a3 45. Nxa3+ Bxa3 46. Kg5
Be7+ 47. Kg4 Kc4 48. f4 Kd4 49. f5 gxf5+ 50. Kxf5 Bxh4 51. Kf4 Be7 52. Kf5 0-1